000 00287nam a2200121 i 4500
001 bg
245 0 _aKrajowe materiały, wyroby i ustroje dźwiękochłonne.
260 _aKatowice,
_c1974.
040 _cBPK
041 _apol
942 _cKS
008 s pl f |000 0 pol
999 _c27222
_d27222
856 _uhttp://koha.tu.koszalin.pl/cgi-bin/koha/opac-detail.pl?biblionumber=27222
_yKatalog online BPK